<?xml version="1.0" encoding="UTF-8"?>
<marc:record xmlns:marc="http://www.loc.gov/MARC21/slim">
   <marc:leader>00000nam a2200000 a 4500</marc:leader>
   <marc:datafield ind1="1" ind2=" " tag="100">
      <marc:subfield code="a">Baker, Nick</marc:subfield>
      <marc:subfield code="4">ctb</marc:subfield>
      <marc:subfield code="e">Mitwirkende/-r</marc:subfield>
   </marc:datafield>
   <marc:datafield ind1=" " ind2=" " tag="653">
      <marc:subfield code="a">Fährte</marc:subfield>
   </marc:datafield>
   <marc:datafield ind1=" " ind2=" " tag="653">
      <marc:subfield code="a">Tiere</marc:subfield>
   </marc:datafield>
   <marc:datafield ind1=" " ind2=" " tag="653">
      <marc:subfield code="a">Spur</marc:subfield>
   </marc:datafield>
   <marc:datafield ind1=" " ind2=" " tag="653">
      <marc:subfield code="a">Softcover / Ratgeber/Natur/Naturführer</marc:subfield>
   </marc:datafield>
   <marc:datafield ind1=" " ind2=" " tag="653">
      <marc:subfield code="a">Ratgeber</marc:subfield>
   </marc:datafield>
   <marc:datafield ind1="0" ind2="0" tag="245">
      <marc:subfield code="a">Fährten lesen und Spuren suchen</marc:subfield>
   </marc:datafield>
   <marc:datafield ind1="0" ind2="0" tag="245">
      <marc:subfield code="b">das Handbuch</marc:subfield>
   </marc:datafield>
   <marc:datafield ind1="0" ind2="0" tag="245">
      <marc:subfield code="c">Nick Baker. [Übers. aus dem Engl. SAW Communications</marc:subfield>
   </marc:datafield>
   <marc:datafield ind1=" " ind2="1" tag="264">
      <marc:subfield code="a">Bern</marc:subfield>
      <marc:subfield code="b">Haupt</marc:subfield>
      <marc:subfield code="c">2014</marc:subfield>
   </marc:datafield>
   <marc:datafield ind1="1" ind2=" " tag="490">
      <marc:subfield code="a">Haupt Natur</marc:subfield>
   </marc:datafield>
   <marc:datafield ind1="1" ind2=" " tag="520">
      <marc:subfield code="a">Angaben aus der Verlagsmeldung

Fährten lesen und Spuren suchen : Das Handbuch / von Nick Baker

Eine Spuren-Leseschule und ein umfassendes Nachschlagewerk für alle Naturfreunde.

Mehr als nur Fährten: Eier, Knochen, Fraßspuren und vieles mehr in einem Buch.

Reich bebildert, kurzweilig und informativ: ein Naturführer für jedes Alter.

Geheimnisvolle Löcher im Boden oder wirre Nester im Baum – wer wohnt hier? Angeknabberte Zapfen, Fraßspuren an Blättern – wer hat hier gefressen?

Oftmals sind Spuren die einzigen Hinweise darauf, dass ein Tier in der Nähe ist. Kann man diese Spuren lesen, bieten sie einen faszinierenden Einblick in die Lebensweise und das Verhalten der Tiere. Dieses umfassende Handbuch führt in die Kunst des Spurenlesens ein, erklärt, wie Trittsiegel und Fährten vermessen und bearbeitet werden können, zeigt die artspezifischen Unterschiede von Bauten, Nestern, Höhlen, Fraß- und Kotspuren und gibt einen Einblick in die Vielfalt von Fundstücken wie Knochen, Federn, Hüllen, Häuten oder Überresten von Mahlzeiten.
</marc:subfield>
   </marc:datafield>
   <marc:datafield ind1=" " ind2=" " tag="020">
      <marc:subfield code="a">9783258078540</marc:subfield>
      <marc:subfield code="9">9783258078540</marc:subfield>
   </marc:datafield>
   <marc:datafield ind1=" " ind2=" " tag="041">
      <marc:subfield code="a">ger</marc:subfield>
   </marc:datafield>
   <marc:datafield ind1=" " ind2=" " tag="300">
      <marc:subfield code="a">288 S.</marc:subfield>
   </marc:datafield>
</marc:record>
